000 00985nam a22002417a 4500
999 _c1795
_d1795
003 AR-CdUCM
008 190228b ||||| |||| 00| 0 spa d
020 _a968161903X
040 _aMUNICIPALIDAD PROVINCIAL DEL CUSCO
_cBIBLIOTECA MUNICIPAL DEL CUSCO
082 _a305.896072 /
_bAG32
100 _aAguirre Beltrán, Gonzalo
_91128
245 _aCuijla :
_bbesbozo etnográfico de un pueblo negro /
260 _aMéxico :
_bSecretaría de Educación Pública,
_bFondo de Cultura Económica,
_c1985.
300 _a242 páginas ;
_bilustraciones,
_c21 cm.
440 _aLecturas Mexicanas.
_n90
_96600
505 _aContenido: La geografía y tío Nico -- Historia de un genocidio -- De don Tristán a don Juan -- La osadía de los negros -- Blancos, blanquitos y cuculustes ...
650 _aNegros-México
_96601
650 _aEtnología
_91915
650 _aSociedad y Gobierno
_96602
700 _aBeltrán, Alberto (ilustraciones)
_96603
942 _2ddc
_cLIBROS
945 _aachl